000 01484namaa22003251i 4500
005 20260302121043.0
008 260302s1995 ua a|||frm||| 000 0 eng d
040 _aEG-GICUC
_beng
_cEG-GICUC
_dEG-GICUC
_erda
041 0 _aeng
_beng
_bara
049 _aDeposit
097 _aM.Sc
099 _aCai01.11.26.M.Sc.1995.Ha.S.
100 0 _aHanaa Mohamed Ezzat Moussa,
_epreparation.
245 1 0 _aStudy Of Parasitic Infections Among Childern Attendine Abu EL-Rreesh Hospital /
_cBy Hanaa Mohamed Ezzat Moussa; Supervised By Prof.Dr. Amani Amin Soliman, Prof.Dr. Sayeda Mohamed Aufy,Dr. Fatina Ibrahim Fadel.
_bRemainder of title /
246 1 5 _aدراسة الاصابة بالامراض الطفيلية بين الاطفال المترددين على مستشفى ابو الريش للاطفال /
264 0 _c1995.
300 _a112 pages :
_billustrations ;
_c30 cm. +
336 _2rda content
_atext
337 _2rdamedia
_aUnmediated
338 _2rdacarrier
_avolume
502 _aThesis (M.Sc.) -Cairo University, 1995.
504 _aBibliography: pages 97-112.
653 0 _aParasitology
700 0 _aAmani Amin Soliman
_ethesis advisor.
700 0 _aSayeda Mohamed Aufy
_ethesis advisor.
700 0 _aFatina Ibrahim Fadel
_ethesis advisor.
900 _DDepartment of Parasitology
_FFaculty of Medicine
_UCairo University
_b1995
_cAmani Amin Soliman
_cSayeda Mohamed Aufy
_cFatina Ibrahim Fadel
905 _aEman El gebaly
942 _2ddc
_cTH
_e21
_n0
999 _c178804